000
00300nam a2200121Ia 4500
008
220204s9999 xx 000 0 und d
082
_a
541.14
_b
TUR
100
_a
Torro, Nicholas J
245
0
_a
Molecular photochemistry
260
_a
London
_b
Benjamin
_c
1965
650
_a
Photochemistry
942
_c
BK
999
_c
33404
_d
33404